| Tag |
First Indicator |
Second Indicator |
Subfields |
| LEADER |
00000cam a2200000 a 4500 |
| 001 |
in00000293003 |
| 005 |
20151010080651.0 |
| 008 |
750718s1966 miuaf b 00000 eng d |
| 035 |
|
|
|a (OCoLC)01459485
|
| 035 |
|
|
|9 ABF5865AM
|
| 040 |
|
|
|a RIU
|c RIU
|d TXA
|d UtOrBLW
|
| 049 |
|
|
|a TXAM
|c [1656236]
|
| 090 |
|
|
|a TC970
|b G7
|
| 245 |
0 |
0 |
|a Guide for investigation of subsurface drainage problems on irrigated lands /
|c edited by R.J. Winger, Jr., and J.N. Luthin ; prepared by SW-234, Drainage of Irrigated Lands Committee.
|
| 264 |
|
1 |
|a [St. Joseph, Mich.?] :
|b [publisher not identified],
|c 1966.
|
| 300 |
|
|
|a iii, 39 pages, 17 unnumbered pages of plates :
|b illustrations ;
|c 28 cm.
|
| 336 |
|
|
|a text
|b txt
|2 rdacontent
|
| 337 |
|
|
|a unmediated
|b n
|2 rdamedia
|
| 338 |
|
|
|a volume
|b nc
|2 rdacarrier
|
| 500 |
|
|
|a Cover title.
|
| 504 |
|
|
|a Bibliography : pages 38-39.
|
| 650 |
|
0 |
|a Drainage.
|
| 650 |
|
0 |
|a Irrigation.
|
| 700 |
1 |
|
|a Winger, R. J.
|
| 700 |
1 |
|
|a Luthin, James N.
|
| 710 |
2 |
|
|a American Society of Agricultural Engineers.
|b Drainage of Irrigated Lands Committee.
|
| 999 |
|
|
|a MARS
|
| 999 |
f |
f |
|s eefae00c-05d8-3280-a380-6642c6f72a53
|i 05fe3fa5-00d8-340a-863c-3951f4030dbf
|t 0
|
| 952 |
f |
f |
|p ric
|a Texas A&M University
|b Rellis Campus
|c Joint Library Facility
|d Remote Storage
|t 0
|e TC970 G7
|h Library of Congress classification
|i unmediated -- volume
|m A14828880861
|
| 998 |
f |
f |
|a TC970 G7
|t 0
|l Remote Storage
|